00812 2200205 4500001002100000005001500021035002000036008004100056245003400097100001500131250000600146260003100152300003000183020002200213084001400235520032300249082000800572650001400580990001200594INLIS00000000000000620240430025840 a0010-0324000006240430 0 ind 1 aBupena Fisika X /cAri Damari aDamari,Ari a1 aJakarta :bErlangga,c2017 a174 hlm. ;c21 cm x 26 cm a978-602-434-305-7 a530 ARI b aBuku seri BUPENA ini dikembangkan dengan menyajikan pembelajaran berbasis aktivitas yang akan mendorong proses belajar untuk menghasilkan karya dengan basis pemecahan masalah (project based learning). Rangkaian proses belajar dalam buku ini secara komprehensif dapat membantu guru untuk mengembangkan kegiatan belajar. a530 4aNon Fiksi a0739095